000 00322nam a22001457a 4500
008 210511b ||||| |||| 00| 0 eng d
020 _a9780836224153
041 _aeng
080 _a616.8-006
082 _a616.8-006
100 _a6
101 _aKAN
245 _aThe Cancer Conqueror
_cAnderson,G
942 _2udc
_cBK
999 _c57147
_d57147